000 00601nam a2200265Ia 4500
005 20260324152901.0
008 008 260324s9999 xx 000 0 eng d
020 _a9781895198669
037 _aEBOOK
040 _aCRL
040 _beng
040 _cCRL
041 _2eng
041 _aeng
084 _qCRL
100 _aWypych, Anna
245 0 _aDatabook of Solvents
260 _bElsevier
260 _c2014
650 _aEngineering
856 _uhttps://www.sciencedirect.com/science/book/9781895198669
942 _cEBOOK
999 _c1840989
_d1840989